| 000 | 00879cac a2200241 a 4500 | ||
|---|---|---|---|
| 003 | CO-PeBPM | ||
| 005 | 20250701215819.0 | ||
| 008 | 250701e2002 |||||||| |||| 00| 0 spa d | ||
| 040 | 0 |
_aCO-PeBPM _bspa _cCO-PeBPM _erda |
|
| 041 | 0 | _aspa | |
| 082 | 0 | 4 | _a301.018 T356e |
| 100 | 1 |
_aDe Tenazos, Araceli _eautor |
|
| 245 | 1 | 0 |
_aUna Etnografía de la Etnografía _b: Aproximaciones metodológicas para la enseñanza del enfoque cualitativo _c/ Araceli de Tenazos |
| 250 | _aCuarta Reimpresión | ||
| 260 |
_aBogotá, Colombia _bEdiciones Antropos LTDA _c2002 |
||
| 300 |
_a193 Páginas _c; 21 centímetros |
||
| 490 | _aColección Pedagogía s XXI | ||
| 500 | _aIncluye Índice | ||
| 650 |
_aEtnología -- Investigación -- Metodología _2LEMB |
||
| 650 |
_aMetodología de la investigación social _2LEMB |
||
| 700 |
_aAvila Penagos, Rafael _eSegundo Autor |
||
| 942 |
_2ddc _cBK _n0 |
||
| 999 |
_c60982 _d60982 |
||